Setiausaha & kesetiausahaan : tugas dan profesionalisme

Bibliographic Details
Main Author: Rahmat Ismail
Format: Book
Published: Kuala Lumpur : Utusan Publications&Distributors , 2002
Series:Siri motivasi dan kecemerlangan utusan
Subjects:

MARC

LEADER 00000cam a2200000 7i4500
001 0000014600
005 20080321.0
008 080304
020 |a 9676112917 
090 0 0 |a 651.3741577   |b RAH 
100 0 |a Rahmat Ismail 
245 1 0 |a Setiausaha & kesetiausahaan :   |b tugas dan profesionalisme   |c Rahmat Ismail 
260 |a Kuala Lumpur :   |b Utusan Publications&Distributors ,   |c 2002 
440 |a Siri motivasi dan kecemerlangan utusan 
650 0 |a Secretaries 
650 0 |a Secretaries   |x Vocational guidance 
999 |a 0000910776   |b Book   |c Adult Collection   |e Cawangan Bandar Tenggara 
999 |a 0001014983   |b Book   |c Adult Collection   |e Perbadanan Perpustakaan Awam Johor 
999 |a 0001014984   |b Book   |c Adult Collection   |e Perbadanan Perpustakaan Awam Johor